| 000 | 00000nam 2200000zi 4500 |
| 001 | 9.946680 |
| 003 | CaOODSP |
| 005 | 20250110123803 |
| 006 | m o d f |
| 007 | cr bn||||||||| |
| 008 | 250109e19860325qucad ob f000 0 fre d |
| 040 | |aCaOODSP|bfre|erda|cCaOODSP |
| 041 | |afre|beng|bfre |
| 086 | 1 |aCo24-3/1-86-014F-PDF |
| 100 | 1 |aSoumagne, Joël, |eauteur. |
| 245 | 10|aModulation delta : technique de codage numérique pour la radiophonie haute qualité : |brapport final / |cresponsable du projet : Joël Soumagne ; Sarto Morissette, directeur CRCS. |
| 264 | 1|aSherbrooke, Québec : |bCentre de recherches sur les Communications, |cle 25 mars 1986. |
| 300 | |a1 ressource en ligne (95 pages) : |billustrations, graphiques. |
| 336 | |atexte|btxt|2rdacontent/fre |
| 337 | |ainformatique|bc|2rdamedia/fre |
| 338 | |aressource en ligne|bcr|2rdacarrier/fre |
| 490 | 1 |aMDC-CR-PS ; |v86-014 |
| 500 | |a« Contrat no. OST85-00165. » |
| 500 | |aÉdition numérisée de l'imprimé [par Innovation, sciences et développement économique Canada]. |
| 504 | |aComprend des références bibliographiques (pages 20-21). |
| 520 | |a« Le présent document présente le principe conventionnel de "modulation delta": modulateur instantané ou syllabique. A partir de ces éléments fondamentaux et des caractéristiques spécifiques obtenues pàr diverses simulations, un ensemble de travaux d'exploration est présenté. Ils font partie d'une recherche de compromis qualité-complexité-débit » -- Introduction, page [1]. |
| 650 | 6|aTransmission numérique. |
| 650 | 6|aRadio|xÉmetteurs et transmission. |
| 650 | 0|aDigital communications. |
| 650 | 0|aRadio|xTransmitters and transmission. |
| 710 | 2 |aCentre de recherches sur les communications (Canada), |eorganisme de publication. |
| 710 | 2 |aUniversiteĢ Laval. |bLaboratoire de radiocommunications et de traitement du signal, |eorganisme de publication. |
| 830 | #0|aRapport d'entrepreneur du MDC (Canada. Ministère des communications)|vMDC-CR-PS-86-014.|w(CaOODSP)9.870428 |
| 856 | 40|qPDF|s1.39 Mo|uhttps://publications.gc.ca/collections/collection_2025/isde-ised/co24/Co24-3-1-86-014-fra.pdf |